Komorní symfonie : (1939) /
Uložené v:
| Hlavný autor: | |
|---|---|
| Médium: | Hudobnina |
| Jazyk: | Czech |
| Vydané: |
Praha :
Supraphon,
1976.
|
| Vydanie: | 1. vydání |
| ISBN: |
(brož.) |
| Fyzický popis: |
102 stran. |
| Tagy: |
Pridať tag
Žiadne tagy, Buďte prvý kto otaguje tento záznam!
|
Titul je dostupný aj v ... 

MARC
| LEADER | 00000ncm a2200000 i 4500 | ||
|---|---|---|---|
| 001 | 000547310 | ||
| 005 | 20170620202734.0 | ||
| 008 | 070226s1976 xr g cze d | ||
| 020 | |a (brož.) |c Kčs 42,00 | ||
| 028 | 3 | 1 | |a H 5758 |b Supraphon |
| 040 | |a SVKKK |b slo |c SVKKK |e AACR2 | ||
| 041 | 0 | |a cze |g cze |g ger | |
| 044 | |a xr |c CZ | ||
| 100 | 1 | |a Dobiáš, Václav, |d 1909-1978 |4 cmp | |
| 245 | 1 | 0 | |a Komorní symfonie : |b (1939) / |c Václav Dobiáš. |
| 250 | |a 1. vydání | ||
| 260 | |a Praha : |b Supraphon, |c 1976. | ||
| 300 | |a 102 stran. | ||
| 910 | |a svkkk | ||
| 998 | |a BK | ||
| 090 | |g SCKHL |k Sklad Pribinova 3. posch. |a V.98001 |j 548929 |i 2720632782 |s Povinný výt. | ||